<?xml version="1.0" encoding="UTF-8"?>
<collection xmlns="http://www.loc.gov/MARC21/slim">
 <record>
  <leader>01028nam a2200265 a 4500</leader>
  <controlfield tag="001">13125384</controlfield>
  <controlfield tag="003">BD-DhAAL</controlfield>
  <controlfield tag="008">090702r19912001enk    e b    001 0 eng d</controlfield>
  <datafield tag="999" ind1=" " ind2=" ">
   <subfield code="c">1992</subfield>
   <subfield code="d">1992</subfield>
  </datafield>
  <datafield tag="010" ind1=" " ind2=" ">
   <subfield code="a">\\2003427998</subfield>
  </datafield>
  <datafield tag="020" ind1=" " ind2=" ">
   <subfield code="a">0413760502 (pbk.)</subfield>
  </datafield>
  <datafield tag="040" ind1=" " ind2=" ">
   <subfield code="a">DLC</subfield>
   <subfield code="c">DLC</subfield>
   <subfield code="d">DLC</subfield>
   <subfield code="d">BD-DhAAL</subfield>
  </datafield>
  <datafield tag="082" ind1="0" ind2="0">
   <subfield code="a">809.2/04</subfield>
   <subfield code="2">22</subfield>
  </datafield>
  <datafield tag="100" ind1="1" ind2=" ">
   <subfield code="a">Esslin, Martin,</subfield>
   <subfield code="d">1918-2002.</subfield>
   <subfield code="9">45505</subfield>
  </datafield>
  <datafield tag="245" ind1="1" ind2="4">
   <subfield code="a">The theatre of the absurd /</subfield>
   <subfield code="c">Martin Esslin.</subfield>
  </datafield>
  <datafield tag="250" ind1=" " ind2=" ">
   <subfield code="a">Third edition, New ed.</subfield>
  </datafield>
  <datafield tag="260" ind1=" " ind2=" ">
   <subfield code="a">London :</subfield>
   <subfield code="b">Methuen,</subfield>
   <subfield code="c">2001 [reprinted 1991]</subfield>
  </datafield>
  <datafield tag="300" ind1=" " ind2=" ">
   <subfield code="a">478 pages ;</subfield>
   <subfield code="c">20 cm.</subfield>
  </datafield>
  <datafield tag="504" ind1=" " ind2=" ">
   <subfield code="a">Includes bibliographical references (p. 437-470) and index.</subfield>
  </datafield>
  <datafield tag="541" ind1="1" ind2=" ">
   <subfield code="e">00014134</subfield>
  </datafield>
  <datafield tag="650" ind1=" " ind2="0">
   <subfield code="a">Drama</subfield>
   <subfield code="y">20th century</subfield>
   <subfield code="x">History and criticism.</subfield>
   <subfield code="9">45506</subfield>
  </datafield>
  <datafield tag="650" ind1=" " ind2="0">
   <subfield code="a">Theater of the absurd.</subfield>
   <subfield code="9">45507</subfield>
  </datafield>
  <datafield tag="852" ind1="4" ind2=" ">
   <subfield code="a">Ayesha Abed Library</subfield>
   <subfield code="j">General shelf</subfield>
  </datafield>
  <datafield tag="942" ind1=" " ind2=" ">
   <subfield code="2">ddc</subfield>
   <subfield code="c">BK</subfield>
  </datafield>
  <datafield tag="952" ind1=" " ind2=" ">
   <subfield code="0">0</subfield>
   <subfield code="1">0</subfield>
   <subfield code="2">ddc</subfield>
   <subfield code="4">0</subfield>
   <subfield code="6">809_204000000000000_ESS</subfield>
   <subfield code="7">0</subfield>
   <subfield code="9">1829</subfield>
   <subfield code="a">BRACUL</subfield>
   <subfield code="b">BRACUL</subfield>
   <subfield code="c">GEN</subfield>
   <subfield code="d">2009-07-02</subfield>
   <subfield code="g">1125.00</subfield>
   <subfield code="l">8</subfield>
   <subfield code="m">15</subfield>
   <subfield code="o">809.204 ESS</subfield>
   <subfield code="p">3010014134</subfield>
   <subfield code="r">2022-03-07</subfield>
   <subfield code="s">2022-03-03</subfield>
   <subfield code="t">1</subfield>
   <subfield code="w">2009-07-02</subfield>
   <subfield code="y">BK</subfield>
   <subfield code="x">Price available in register book.</subfield>
  </datafield>
 </record>
</collection>
